| 000 | 00676nam a2200217 a 4500 | ||
|---|---|---|---|
| 005 | 20240806064140.0 | ||
| 008 | 010910s2000 r 000 0 eng d | ||
| 020 | _a9505180837 | ||
| 035 | _aUPN01000111133 | ||
| 049 | _aCG | ||
| 050 | 4 |
_aBF175 _bI5.718 |
|
| 245 | 0 | 0 |
_aInterrogaciones psicosomáticas / _cdir. Alain Fine y Jacqueline Schaeffer ; tr. Víctor Goldstein. |
| 260 |
_aBuenos Aires : _bAmorrortu, _c2000. |
||
| 300 | _a199 p. | ||
| 440 | 0 | _aBiblioteca de psicología y psicoanálisis | |
| 650 | 4 |
_aPsicoanálisis _91572 |
|
| 650 | 4 |
_aMEDICINA PSICOSOMATICA _916675 |
|
| 700 | 1 |
_aFine, Alain, _edir. |
|
| 700 | 1 |
_aSchaeffer, Jacqueline, _edir. |
|
| 905 | _aLibro | ||
| 999 |
_c85042 _d85042 |
||